| 000 | 00582nam a22001577a 4500 | ||
|---|---|---|---|
| 003 | OSt | ||
| 005 | 20151101090414.0 | ||
| 008 | 151101b xxu||||| |||| 00| 0 eng d | ||
| 040 | _cRUA | ||
| 082 | _aFOR អ៊ុក 1989 B115 Or.1 | ||
| 100 |
_93099 _aអ៊ុក ស៊ីផាន |
||
| 245 | _aលក្ខណៈជីវសាស្រ្តនៃការបណ្ដុះគ្រាប់ និងកូនឈើប្រភេទ Peltophorum ferrugineum នៅលើថ្នាល | ||
| 260 |
_aPhnom Penh _bRUA _c1989 |
||
| 300 |
_a104p. _bill. _c29cm. |
||
| 942 |
_2ddc _cFOR |
||
| 999 |
_c2888 _d2888 |
||